Statistics for Top-billed stars in films winning an Oscar for Best Supporting Actor

Click here to take the quiz!

General Stats

  • This quiz has been taken 282 times
    (17 since last reset)
  • The average score is 46 of 88

Answer Stats

YearSupporting Actor and FilmTop billed% Correct
1974 (47th Awards)Robert De Niro in "The Godfather Part II"Al Pacino
100%
1992 (65th Awards)Gene Hackman in "Unforgiven"Clint Eastwood
100%
2004 (77th Awards)Morgan Freeman in "Million Dollar Baby"Clint Eastwood
100%
1993 (66th Awards)Tommy Lee Jones in "The Fugitive"Harrison Ford
100%
1990 (63rd Awards)Joe Pesci in "Goodfellas"Robert De Niro
100%
1978 (51st Awards)Christopher Walken in "The Deer Hunter"Robert De Niro
100%
2009 (82nd Awards)Christoph Waltz in "Inglourious Basterds"Brad Pitt
94%
2008 (81st Awards)Heath Ledger in "The Dark Knight"Christian Bale
94%
2019 (92nd Awards)Brad Pitt in "Once Upon a Time... In Hollywood"Leonardo DiCaprio
94%
2023 (96th Awards)Robert Downey Jr. in "Oppenheimer"Cillian Murphy
88%
1996 (69th Awards)Cuba Gooding, Jr. in "Jerry Maguire"Tom Cruise
88%
1959 (32nd Awards)Hugh Griffith in "Ben-Hur"Charlton Heston
81%
1994 (67th Awards)Martin Landau in "Ed Wood"Johnny Depp
81%
1987 (60th Awards)Sean Connery in "The Untouchables"Kevin Costner
81%
2000 (73rd Awards)Benicio del Toro in "Traffic"Michael Douglas
81%
1963 (36th Awards)Melvyn Douglas in "Hud"Paul Newman
81%
1967 (40th Awards)George Kennedy in "Cool Hand Luke"Paul Newman
81%
1962 (35th Awards)Ed Begley, Sr. in "Sweet Bird of Youth"Paul Newman
81%
2007 (80th Awards)Javier Bardem in "No Country for Old Men"Tommy Lee Jones
81%
2012 (85th Awards)Christoph Waltz in "Django Unchained"Jamie Foxx
75%
1952 (25th Awards)Anthony Quinn in "Viva Zapata!"Marlon Brando
75%
1957 (30th Awards)Red Buttons in "Sayonara"Marlon Brando
75%
2013 (86th Awards)Jared Leto in "Dallas Buyers Club"Matthew McConaughey
75%
2003 (76th Awards)Tim Robbins in "Mystic River"Sean Penn
75%
1956 (29th Awards)Anthony Quinn in "Lust for Life"Kirk Douglas
69%
1960 (33rd Awards)Peter Ustinov in "Spartacus"Kirk Douglas
69%
1976 (49th Awards)Jason Robards in "All the President's Men"Robert Redford
69%
2015 (88th Awards)Mark Rylance in "Bridge of Spies"Tom Hanks
69%
2017 (90th Awards)Sam Rockwell in "Three Billboards Outside Ebbing, Missouri"Frances McDormand
63%
1955 (28th Awards)Jack Lemmon in "Mister Roberts"Henry Fonda
63%
1948 (21st Awards)Walter Huston in "The Treasure of the Sierra Madre"Humphrey Bogart
63%
1954 (27th Awards)Edmond O'Brien in "The Barefoot Contessa"Humphrey Bogart
63%
1977 (50th Awards)Jason Robards in "Julia"Jane Fonda
63%
1969 (42nd Awards)Gig Young in "They Shoot Horses, Don't They?"Jane Fonda
63%
1988 (61st Awards)Kevin Kline in "A Fish Called Wanda"John Cleese
63%
2010 (83rd Awards)Christian Bale in "The Fighter"Mark Wahlberg
63%
1989 (62nd Awards)Denzel Washington in "Glory"Matthew Broderick
63%
1982 (55th Awards)Louis Gossett, Jr. in "An Officer and a Gentleman"Richard Gere
63%
1997 (70th Awards)Robin Williams in "Good Will Hunting"Robin Williams
63%
2018 (91st Awards)Mahershalalhashbaz Ali in "Green Book"Viggo Mortensen
63%
1991 (64th Awards)Jack Palance in "City Slickers"Billy Crystal
56%
1953 (26th Awards)Frank Sinatra in "From Here to Eternity"Burt Lancaster
56%
2022 (95th Awards)Ke Huy Quan in "Everything Everywhere All at Once"Michelle Yeoh
56%
1950 (23rd Awards)George Sanders in "All About Eve"Bette Davis
50%
1981 (54th Awards)John Gielgud in "Arthur"Dudley Moore
50%
1966 (39th Awards)Walter Matthau in "The Fortune Cookie"Jack Lemmon
50%
2001 (74th Awards)Jim Broadbent in "Iris"Judi Dench
50%
2002 (75th Awards)Chris Cooper in "Adaptation."Nicolas Cage
50%
1944 (17th Awards)Barry Fitzgerald in "Going My Way"Bing Crosby
44%
1940 (13th Awards)Walter Brennan in "The Westerner"Gary Cooper
44%
2005 (78th Awards)George Clooney in "Syriana"George Clooney
44%
1949 (22nd Awards)Dean Jagger in "Twelve O'Clock High"Gregory Peck
44%
1958 (31st Awards)Burl Ives in "The Big Country"Gregory Peck
44%
1972 (45th Awards)Joel Grey in "Cabaret"Liza Minnelli
44%
2014 (87th Awards)J. K. Simmons in "Whiplash"Miles Teller
44%
1961 (34th Awards)George Chakiris in "West Side Story"Natalie Wood
44%
1979 (52nd Awards)Melvyn Douglas in "Being There"Peter Sellers
44%
1986 (59th Awards)Michael Caine in "Hannah and Her Sisters"Woody Allen
44%
2020 (93rd Awards)Daniel Kaluuya in "Judas and the Black Messiah"Daniel Kaluuya
38%
1942 (15th Awards)Van Heflin in "Johnny Eager"Robert Taylor
38%
1983 (56th Awards)Jack Nicholson in "Terms of Endearment"Shirley MacLaine
38%
1945 (18th Awards)James Dunn in "A Tree Grows in Brooklyn"Dorothy McGuire
31%
1970 (43rd Awards)John Mills in "Ryan's Daughter"Robert Mitchum
31%
1999 (72nd Awards)Michael Caine in "The Cider House Rules"Tobey Maguire
31%
1975 (48th Awards)George Burns in "The Sunshine Boys"Walter Matthau
31%
1980 (53rd Awards)Timothy Hutton in "Ordinary People"Donald Sutherland
25%
1968 (41st Awards)Jack Albertson in "The Subject Was Roses"Patricia Neal
25%
1984 (57th Awards)Haing S. Ngor in "The Killing Fields"Sam Waterston
25%
1951 (24th Awards)Karl Malden in "A Streetcar Named Desire"Vivien Leigh
25%
2006 (79th Awards)Alan Arkin in "Little Miss Sunshine"Greg Kinnear
19%
1965 (38th Awards)Martin Balsam in "A Thousand Clowns"Jason Robards
19%
1943 (16th Awards)Charles Coburn in "The More the Merrier"Jean Arthur
19%
1938 (11th Awards)Walter Brennan in "Kentucky"Loretta Young
19%
1946 (19th Awards)Harold Russell in "The Best Years of Our Lives"Myrna Loy
19%
1998 (71st Awards)James Coburn in "Affliction"Nick Nolte
19%
1937 (10th Awards)Joseph Schildkraut in "The Life of Emile Zola"Paul Muni
19%
1995 (68th Awards)Kevin Spacey in "The Usual Suspects"Stephen Baldwin
19%
1939 (12th Awards)Thomas Mitchell in "Stagecoach"Claire Trevor
13%
1985 (58th Awards)Don Ameche in "Cocoon"Don Ameche
13%
1936 (9th Awards)Walter Brennan in "Come and Get It"Edward Arnold
13%
2011 (84th Awards)Christopher Plummer in "Beginners"Ewan McGregor
13%
1947 (20th Awards)Edmund Gwenn in "Miracle on 34th Street"Maureen O'Hara
13%
1971 (44th Awards)Ben Johnson in "The Last Picture Show"Timothy Bottoms
13%
1973 (46th Awards)John Houseman in "The Paper Chase"Timothy Bottoms
13%
2016 (89th Awards)Mahershalalhashbaz Ali in "Moonlight"Trevante Rhodes
13%
1941 (14th Awards)Donald Crisp in "How Green Was My Valley"Walter Pidgeon
13%
2021 (94th Awards)Troy Kotsur in "CODA"Emilia Jones
6%
1964 (37th Awards)Peter Ustinov in "Topkapi"Melina Mercouri
6%

Score Distribution

Percentile by Number Answered

Percent of People with Each Score

Your Score History

You have not taken this quiz since the last reset